00775 2200229 4500001002100000005001500021035002000036007000300056008004100059020002200100082001400122084002000136100002000156245015000176250004400326260005200370300005200422650002200474700001700496990001600513990001600529INLIS00000000000443920260311012217 a0010-0326000034ta260311 g 0 ind  a978-602-392-221-5 a320.959 8 a320.959 8 IKH s0 aIkhsan Darmawan1 aSistem Politik Indonesia :bEdisi 2 /cIkhsan Darmawan, Susanti, Made Yudhi Setiani, dkk (Penulis); Susanti, Mani Festati Broto (Penelaah Materi) aEdisi 2, Cetakan Keenam, September 2020 aTangerang Selatan :bUniversitas Terbuka,c2020 axi, 419 hlm :bteks , ilustrasi, tabel ;c21 cm 4aPolitik Indonesia0 aSusanti, dkk a00000006232 a00000006233